LIBRARY & INFORMATION CENTRE, KCAET, TAVANUR

ONLINE PUBLIC ACCESS CATALOGUE (OPAC)

Introduction to money , exchange and money (Record no. 11262)

MARC details
000 -LEADER
fixed length control field 00419cam a2200169ua 4500
041 ## - LANGUAGE CODE
Language code of text/sound track or separate title eng
082 ## - DEWEY DECIMAL CLASSIFICATION NUMBER
Classification number 332.4
Item number RAJ/IN
100 ## - MAIN ENTRY--AUTHOR NAME
Personal name Raj narain mathur, Rajnarian mathure .
245 ## - TITLE STATEMENT
Title Introduction to money , exchange and money
260 ## - PUBLICATION, DISTRIBUTION, ETC. (IMPRINT)
Place of publication New Delhi :
Name of publisher S.Chand and Co ,
Year of publication 1962.
300 ## - PHYSICAL DESCRIPTION
Number of Pages 300 ; .
942 ## - ADDED ENTRY ELEMENTS (KOHA)
Koha item type Books
Holdings
Withdrawn status Lost status Damaged status Home library Current library Date acquired Full call number Accession Number Koha item type
Withdrawn     KAUAET Sanskrit University 07/04/2012 332.4 10509 Books
free website counter